|
|
|
|
| LEADER |
00000cam a2200000 4500 |
| 001 |
vtls009415423 |
| 003 |
SK-MaSNL |
| 005 |
20260301081924.0 |
| 008 |
211119s1993 vp o e 0 0 0dcze |
| 015 |
|
|
|a SNBZSA2021/08
|
| 020 |
|
|
|a 3822896977
|q (brožované)
|
| 040 |
|
|
|a SNK
|b slo
|c SNK
|e rda
|
| 041 |
1 |
|
|a cze
|h ger
|
| 043 |
|
|
|a e-ne---
|
| 044 |
|
|
|a gw
|c DE
|a xo
|c SK
|
| 072 |
|
7 |
|a 75
|x Maliarstvo
|2 konspekt
|
| 080 |
|
|
|a 75.071.1
|2 2011
|
| 080 |
|
|
|a (492)
|2 2011
|
| 080 |
|
|
|a (084.11)
|2 2011
|
| 080 |
|
|
|a 75(492)
|2 2011
|
| 080 |
|
|
|a 75.034.3/.6
|2 2011
|
| 080 |
|
|
|a 72/76-021.181
|2 2011
|
| 100 |
1 |
|
|a Bosing, Walter
|4 aut
|9 405991
|
| 245 |
1 |
0 |
|a Hieronymus Bosch
|b kolem 1450-1516 : mezi nebem a peklem
|c Walter Bosing ; z němčiny přeložil Jaroslav Duda
|
| 246 |
3 |
0 |
|a Mezi nebem a peklem
|
| 264 |
|
1 |
|a Köln
|b Beneditk Taschen
|a Bratislava
|b Vydavateľstvo Slovart
|c 1993
|
| 300 |
|
|
|a 96 strán
|b fotografie
|c 30 cm
|
| 336 |
|
|
|a text
|b txt
|2 rdacontent
|
| 336 |
|
|
|a statický obraz
|b sti
|2 rdacontent
|
| 337 |
|
|
|a bez média
|b n
|2 rdamedia
|
| 338 |
|
|
|a zväzok
|b nc
|2 rdacarrier
|
| 504 |
|
|
|a Bibliografia na strane 96
|
| 600 |
1 |
7 |
|a Bosch, Hieronymus,
|d 1450-1516
|2 SNKMA
|9 157100
|
| 648 |
|
7 |
|a 15.-16. storočie
|2 SNKPH
|9 300961
|
| 648 |
|
7 |
|a 1470-1516
|2 SNKPH
|9 405992
|
| 648 |
|
7 |
|a 15th-16th centuries
|2 SNKPHeng
|9 318353
|
| 650 |
0 |
7 |
|a maliari
|2 SNKPH
|9 3150
|
| 650 |
0 |
7 |
|a holandské maliarstvo
|2 SNKPH
|9 3116
|
| 650 |
0 |
7 |
|a renesančné maliarstvo
|2 SNKPH
|9 78873
|
| 650 |
0 |
7 |
|a fantaskné umenie
|2 SNKPH
|9 102845
|
| 650 |
0 |
7 |
|a Painters
|2 SNKPHeng
|9 99679
|
| 650 |
0 |
7 |
|a Dutch painting
|2 SNKPHeng
|9 306378
|
| 650 |
0 |
7 |
|a Renaissance painting
|2 SNKPHeng
|9 370786
|
| 650 |
0 |
7 |
|a Fantastic art
|2 SNKPHeng
|9 405993
|
| 651 |
|
7 |
|a Holandsko
|2 SNKPH
|9 17433
|
| 651 |
|
7 |
|a Netherlands
|2 SNKPHeng
|9 300241
|
| 655 |
|
7 |
|a obrazové publikácie
|2 SNKPH
|9 70343
|
| 655 |
|
7 |
|a Pictorial works
|2 SNKPHeng
|9 284468
|
| 700 |
1 |
|
|a Duda, Jaroslav
|c (prekladateľ)
|4 trl
|9 245366
|
| 919 |
|
|
|a 3-8228-9697-7
|
| 958 |
|
|
|a NB
|
| 958 |
|
|
|a ZS
|
| 999 |
|
|
|c 657178
|d 659108
|
| 952 |
|
|
|a SNK
|b SNK
|y PREZ
|7 0
|p 17A1447822
|o snkOSB 20277
|i snk2021/4438
|8 1
|0 0
|1 0
|4 0
|d 2021-05-12
|f 1
|l 0
|r 2026-02-23 18:41:54
|w 2026-02-23
|